000 00414pab a2200157 454500
008 180718b2011 xxu||||| |||| 00| 0 eng d
100 _aSingh, U.B.
245 _aProperty title certification system in urban areas: An innovative urban reform waiting in wings
260 _c2011
300 _ap.71-86.
362 _aJul - Sep
650 _aUrban renewal
773 _aNagarlok
908 _aN
909 _a96099
999 _c96099
_d96099